000 00465nam a22001457a 4500
008 160407b xxu||||| |||| 00| 0 eng d
020 _a978-971-550-527-7
082 _22007
_aDFil 899.2113
_bP64g
100 _94886
_aPimentel, Benjamin.
245 _aMga gerilya sa Powell Street/
_cBenjamin Pimentel.
260 _aQuezon City:
_bAteneo De Manila University Press,
_c c2007.
300 _a223 pages;
_c18 cm.
650 0 _94897
_aFilipino fiction.
942 _2ddc
_cDFIL
999 _c1570
_d1570